000 003550000a22001090004500
090 _aAS
_bSeriadas
245 1 0 _aReproducción de Melanosuchus niger Spix, 1825, caimán negro en cautiverio
041 0 _aEspañol
100 1 _aNeira Martínez, Jorge Arturo
_9100327
942 _cARTICULO
773 1 _tTrianea
_kActa Científica y Tecnológica
_h5
_q109-121
_d1994
999 _c16133
_d16133